| 000 | nam a22 a 4500 | ||
|---|---|---|---|
| 999 |
_c131173 _d131173 |
||
| 003 | BLK | ||
| 005 | 20221128171759.0 | ||
| 008 | 180409b bul|||||r ||||||| ||bul|| | ||
| 010 | _aKNG00136976000 | ||
| 040 | _aBLK | ||
| 041 |
_aBUL _cBUL |
||
| 080 |
_aРуска литература _b821.161.1 _x-31 _z821.161.1-31 |
||
| 080 |
_aЕстонска литература _b821.511.113 _x-31 _z821.511.113-31 |
||
| 100 | 1 |
_aБеекман, Еме _eпърви автор _937401 |
|
| 139 |
_aБеекман, Еме _bБ 31 |
||
| 245 | 1 | 0 |
_aЗаглъхналите звънчета _bПоследните дни от брачния живот на Бенита и Иос от чифлика Рихва : Роман _cЕме Беекман; прев. от рус. Емилия Гергова; послесл. от Вилем Грос. |
| 257 | _aEST | ||
| 260 |
_aСофия _bНар. култура _c1979 |
||
| 300 |
_a320 с. _c21 см |
||
| 380 | _aX | ||
| 500 | _aОриг. загл. Глухие бубенцы / Эме Беэкман. | ||
| 700 | 1 |
_aГергова, Емилия _eпрев. от рус. _9315060 |
|
| 700 | 1 |
_aГрос, Вилем _eпослесл. от _9322619 |
|
| 852 |
_aЦб 99102 _bЦб |
||
| 856 | 4 |
_qpdf _i0.00 _ldisable |
|
| 942 |
_cKNG _n0 _01 _s1 |
||
| 944 |
_aCR _c06.12.2012 _l06.12.2012 - от С1,Р / 06.12.2012 _kКети_Илиева |
||
| 944 |
_aED _c06.12.2012 _l06.12.2012 - от С1,Р / 06.12.2012 |
||